| 000 | 00839nam a2200241Ia 4500 | ||
|---|---|---|---|
| 003 | OSt | ||
| 005 | 20220927105326.0 | ||
| 006 | a|||||r|||| 00| 0 | ||
| 007 | ta | ||
| 008 | 220926b |||||||| |||| 00| 0 eng d | ||
| 024 | _a176500 | ||
| 037 | _cReference Collections | ||
| 040 |
_aRTL _cRTL _beng |
||
| 041 |
_2eng _aeng |
||
| 082 | _a"X9:91.242.P, P8/TH" | ||
| 100 |
_aGupta Nisha _9371693 |
||
| 245 | 0 |
_aMeasurement of human asset _b An empirical analysis of valuation of human asset in selected organisations in manufacturing sector in NCR |
|
| 260 |
_aDelhi _bUniversity of Delhi _c2008 |
||
| 300 |
_a"vi, 181p" _ccm. |
||
| 490 | _a"University of Delhi, Commerce (Deptt. of-), Dissertation" | ||
| 942 |
_h"X9:91.242.P, P8/TH" _cCC |
||
| 999 |
_c691843 _d691843 |
||